Kappaleet kuvien perusteella - Statistics

Yleistilastot
  • Tätä visaa on pelattu 245 kertaa
  • Keskiarvotulos 11 / 16
Vastaustilastot
Kuvavisa Hint Vastaus % Oikein
Pate Mustajärvi Ukkometso
92%
Lauri Tähkä Morsian
88%
Kasmir Vadelmavene
88%
Ellinoora Dinosauruksii
85%
Apulanta Lokin päällä lokki
85%
Mikael Gabriel Riippumatto
84%
Irwin Goodman Rentun ruusu
69%
Behm Frida
66%
Antti Tuisku Hanuri
66%
Jenni Vartiainen Labyrintti
64%
Hector Ajetaan tandemilla
57%
Arttu Wiskari Kuningaslohi
53%
Stig Roy Orbison
51%
Viivi Lääke
50%
Popeda Kakskytä senttiä
41%
Laura Voutilainen Liljankukka
33%
Ehtoja vastaavia visoja ei löytynyt
Tulosjakauma
Jokaisen tuloksen saaneiden osuus
Persentiili vastausten määrän mukaan
Tuloshistoriasi
Et ole pelannut tätä visaa